| 000 | 00456nam a2200157 i 4500 | ||
|---|---|---|---|
| 001 | 74917 | ||
| 003 | ES-MaACL | ||
| 005 | 20230906172303.0 | ||
| 007 | t| | ||
| 008 | 040921s1973 sp ||||1| spa d | ||
| 100 | 1 |
_aGorgori Valles, José. _959177 |
|
| 245 | 1 | 0 |
_aEmpresa, producto, consumidor / _cJosé Gorgori Valles. |
| 260 |
_aBarcelona : _bHispano Europea, _c[1973] |
||
| 300 |
_aXII, 145 p. : _bil. ; _c22 cm. |
||
| 852 |
_aES-MaACL _jC-56086 _bR.88770 |
||
| 999 |
_c74917 _d74917 |
||